MARC

LEADER 00000nam0a2200000 4500
001 47326
005 20231031025945.0
010 |a 5940740758 
035 |a (RuTPU)RU\TPU\book\49426 
090 |a 47326 
100 |a 20030206d2001 m y0rusy50 ca 
101 1 |a rus 
102 |a RU 
105 |a a gj 001zy 
200 1 |a Спутниковое ТВ  |e Практическое руководство  |e пер. с англ.  |f Д. Стивенсон 
210 |a Москва  |c ДМК Пресс  |d 2001 
215 |a 496 с.  |c ил. 
225 1 |a Справочник 
320 |a Предм. указ.: с. 485-489 
610 1 |a спутниковое телевидение 
610 1 |a антенны 
610 1 |a кабели 
610 1 |a линейные усилители 
610 1 |a соединительные устройства 
610 1 |a спутниковые приемники 
610 1 |a линии связи 
610 1 |a цифровое спутниковое телевидение 
610 1 |a спутниковые сигналы 
610 1 |a учебные пособия 
675 |a 621.397.13  |v 3 
700 1 |a Стивенсон  |b Д.  |g Дерек 
801 1 |a RU  |b 63413507  |c 20030206  |g PSBO 
801 2 |a RU  |b 63413507  |c 20030319  |g PSBO 
942 |c BK